Relación de su primer viaje alrededor del mundo

Saved in:
Bibliografiske detaljer
Hovedforfatter: Cook, James (Author)
Format: Bog
Sprog:spansk
Udgivet: Madrid Espasa-Calpe 1944
Serier:Viajes Clásicos
Fag:
Tags: Tilføj Tag
Ingen Tags, Vær først til at tagge denne postø!

MARC

LEADER 00000nam a2200000 a 4500
001 UCP7910
003 CL-VaPUC
008 000106e19440000SP |||||||||||||||||spa|d
082 0 4 |a 910.4  |b COO  |2 21 
100 0 |a Cook, James  |e author  |9 437603 
245 1 0 |a Relación de su primer viaje alrededor del mundo 
300 |a 3 v 
942 |c BK 
945 |d 20000106 00:00:00  |a rherrera 
260 |a Madrid  |b Espasa-Calpe  |c 1944 
600 0 7 |a COOK, JAMES  |2 CL-VaPUC  |9 437604 
650 0 |a Viajes  |9 257115 
650 7 |a EXPEDICIONES  |2 CL-VaPUC  |9 268484 
650 7 |a EXPLORACIONES  |2 CL-VaPUC  |9 371735 
650 0 |a Viajes  |9 257115 
650 0 |a Relatos  |9 369412 
650 0 |a Indios de América del Sur  |9 255272 
650 7 |a COSTUMBRES  |2 CL-VaPUC  |9 337506 
650 0 |a Religión   |9 255164 
651 0 |a Europa  |9 255156 
651 0 |a América  |9 255182 
651 7 |a OCEANIA  |2 CL-VaPUC  |9 317234 
651 7 |a TAHITI  |2 CL-VaPUC  |9 266824 
651 7 |a RIO DE JANEIRO  |2 CL-VaPUC  |9 323743 
651 0 |a Tierra del Fuego   |9 345728 
583 |a last modification  |c 20000106 00:00:00  |k Rodrigo Vera 
490 0 |a Viajes Clásicos 
999 |c 284947  |d 284945 
952 |0 0  |1 0  |4 0  |6 910_400000000000000_COO_1944  |7 0  |8 X  |9 329265  |a BIBHIS  |b BIBHIS  |d 2019-11-20  |h v.1  |i 1376284  |o 910.4 COO 1944  |p 1376284  |r 2024-01-30  |w 2019-11-20  |y BK_X  |k HIS 
952 |0 0  |1 0  |4 0  |6 910_400000000000000_COO_1944  |7 0  |8 X  |9 329266  |a BIBHIS  |b BIBHIS  |d 2019-11-20  |h v.2  |i 1376292  |o 910.4 COO 1944  |p 1376292  |r 2024-01-30  |w 2019-11-20  |y BK_X  |k HIS 
952 |0 0  |1 0  |4 0  |6 910_400000000000000_COO_1944  |7 0  |8 X  |9 329267  |a BIBHIS  |b BIBHIS  |d 2019-11-20  |h v.3  |i 1376306  |o 910.4 COO 1944  |p 1376306  |r 2024-01-30  |w 2019-11-20  |y BK_X  |k HIS